Score 0/24 Timer 02:00
5 Plays Today
% Correct
Café Latte
98.6%
Cappuccino
98.2%
Cherry
97.7%
Vanilla
96.7%
Espresso
95.9%
Lime
95.4%
Chai
93.1%
Piña colada
91.5%
Tequila Sunrise
90.6%
Lager
90.3%
Vodka
89.1%
Tequila
88.3%
% Correct
Mojito
87.9%
Oolong
87.9%
Stout
87.6%
Pilsner
87.1%
Cabernet Sauvignon
87%
Chardonnay
86.5%
Cognac
84.3%
Merlot
84.1%
Pinot Noir
83.5%
Sauvignon Blanc
83%
Lapsang suchong
80.7%
Riesling
65.8%
Remove Ads.
Support Sporcle.
Get the best of Sporcle when you Go Orange. This ad-free experience offers more features, more stats, and more fun while also helping to support Sporcle. Thank you for becoming a member.

You're not logged in!

Compare scores with friends on all Sporcle quizzes.
OR
Log In

Show Comments

Extras

Top Quizzes Today


Score Distribution

Your Account Isn't Verified!

In order to create a playlist on Sporcle, you need to verify the email address you used during registration. Go to your Sporcle Settings to finish the process.

Report this User

Report this user for behavior that violates our Community Guidelines.

Details: